|
|
|
|
| LEADER |
00000cam a22000004a 4500 |
| 001 |
musev2_35570 |
| 003 |
MdBmJHUP |
| 005 |
20230905043737.0 |
| 006 |
m o d |
| 007 |
cr||||||||nn|n |
| 008 |
131105s2014 cau o 00 0 eng d |
| 020 |
|
|
|a 9781597092999
|
| 020 |
|
|
|z 0989036111
|
| 020 |
|
|
|z 9780989036115
|
| 020 |
|
|
|z 1597092991
|
| 035 |
|
|
|a (OCoLC)894172167
|
| 040 |
|
|
|a MdBmJHUP
|c MdBmJHUP
|
| 100 |
1 |
|
|a Schutzer, Amy,
|d 1956-
|
| 245 |
1 |
0 |
|a Spheres of Disturbance /
|c Amy Schutzer.
|
| 250 |
|
|
|a First edition.
|
| 264 |
|
1 |
|a Pasadena, CA :
|b Arktoi Books,
|c 2014.
|
| 264 |
|
3 |
|a Baltimore, Md. :
|b Project MUSE,
|c 2014
|
| 264 |
|
4 |
|c ©2014.
|
| 300 |
|
|
|a 1 online resource (280 pages).
|
| 336 |
|
|
|a text
|b txt
|2 rdacontent
|
| 337 |
|
|
|a computer
|b c
|2 rdamedia
|
| 338 |
|
|
|a online resource
|b cr
|2 rdacarrier
|
| 546 |
|
|
|a English.
|
| 588 |
|
|
|a Description based on print version record.
|
| 650 |
|
7 |
|a American Literature.
|2 hilcc
|
| 650 |
|
7 |
|a Languages & Literatures.
|2 hilcc
|
| 650 |
|
7 |
|a English.
|2 hilcc
|
| 650 |
|
7 |
|a Nurses.
|2 fast
|0 (OCoLC)fst01041618
|
| 650 |
|
7 |
|a Lesbians.
|2 fast
|0 (OCoLC)fst00996540
|
| 650 |
|
6 |
|a Infirmieres
|v Romans, nouvelles, etc.
|
| 650 |
|
6 |
|a Lesbiennes
|v Romans, nouvelles, etc.
|
| 650 |
|
0 |
|a Terminal care
|x Psychological acspects
|v Fiction.
|
| 650 |
|
0 |
|a Nurses
|v Fiction.
|
| 650 |
|
0 |
|a Lesbians
|v Fiction.
|
| 655 |
|
7 |
|a Psychological fiction.
|2 lcgft
|
| 655 |
|
7 |
|a Psychological fiction.
|2 fast
|0 (OCoLC)fst01726481
|
| 655 |
|
7 |
|a Fiction.
|2 fast
|0 (OCoLC)fst01423787
|
| 655 |
|
7 |
|a Electronic books.
|2 local
|
| 710 |
2 |
|
|a Project Muse.
|e distributor
|
| 830 |
|
0 |
|a Book collections on Project MUSE.
|
| 856 |
4 |
0 |
|z Texto completo
|u https://projectmuse.uam.elogim.com/book/35570/
|
| 945 |
|
|
|a Project MUSE - Custom Collection
|
| 945 |
|
|
|a Project MUSE - 2014 Complete
|
| 945 |
|
|
|a Project MUSE - 2014 Poetry, Fiction and Creative Non-Fiction
|